书目信息 |
| 题名: |
如何实施新城市总体规划
|
|
| 作者: | N.M.斯莫利亚尔 主编 | |
| 分册: | ||
| 出版信息: | 北京 中国建筑工业出版社 1984.09 |
|
| 页数: | 76页 | |
| 开本: | 32开 | |
| 丛书名: | ||
| 单 册: | ||
| 中图分类: | TU984.11 | |
| 科图分类: | ||
| 主题词: | 城市规划 | |
| 电子资源: | ||
| ISBN: | ||
| 000 | 00593nam0 2200193 45 | |
| 001 | 0006171084 | |
| 005 | 20000617104024.3 | |
| 010 | @d0.28元 | |
| 100 | @a20000617d1984 km y0chiy0120 ea | |
| 101 | 0 | @achi |
| 105 | @a z 000yy | |
| 200 | 1 | @a如何实施新城市总体规划@ARu He Shi Shi Xin Cheng Shi Zong Ti Gui Hua@f(苏)N.M.斯莫利亚尔主编@F(Su)N.M.Si Mo Li Ya Er Zhu Bian |
| 210 | @a北京@c中国建筑工业出版社@d1984.09 | |
| 215 | @a76页@d32开 | |
| 606 | 0 | @a城市规划 |
| 690 | @aTU984.11@v3 | |
| 701 | 0 | @aN.M.斯莫利亚尔@4主编 |
| 801 | @aCN@bPftUser@c20000617 | |
| 905 | @b207300@dTU984.11@eSH454@f1 | |
| 如何实施新城市总体规划/(苏)N.M.斯莫利亚尔主编.-北京:中国建筑工业出版社,1984.09 |
| 76页;32开 |
| ISBN :0.28元 |
| ● |
| 相关链接 |
|
|
|
正题名:如何实施新城市总体规划
索取号:TU984.11/SH454
 
预约/预借
| 序号 | 登录号 | 条形码 | 馆藏地/架位号 | 状态 | 备注 |
| 1 | 207300 | 202073004 | 建筑库201/201建筑库 64排7列2层/ [索取号:TU984.11/SH454] | 在馆 |